000 00776cab a2200205 4500
001 WB2610-26
008 090401t1990 xxu||||| |||| 00| 0 eng d
035 _a(Sirsi) u3498
041 _aeng
245 _aCall to protect tenants` deposits
260 _c1990
350 _a0
490 _aSolicitors` Journal
_vvol 134 no 9, 2/3/90 p240
520 _aThe NCC has called on the Government to set up an independent agency to manage deposits paid by private tenants . Rental deposits: resolving disputes between landlords and tenants, is available for loan from the library.
650 _aLEASE
650 _aPROPERTY-RESIDENTIAL PROPERTY-RESIDENTIAL LANDLORD AND TENANT-RESIDENTIAL TENANCIES
690 _aLandlord and tenant
_96252
942 _n0
948 _c04/03/1997
999 _c2152
_d2152